Statistics for Största Länder Efter Befolkning

Click here to take the quiz!

General Stats

  • This quiz has been taken 101 times
  • The average score is 18 of 24

Answer Stats

BefolkningLand% Correct
329 miljonerFörenta Staterna
100%
1,4 miljarderKina
99%
1,3 miljarderIndien
99%
143 miljonerRyssland
97%
212 miljonerBrasilien
94%
126 miljonerJapan
94%
65 miljonerFrankrike
93%
132 miljonerMexico
91%
82,4 miljonerTyskland
88%
66 miljonerStorbritannien
79%
82,8 miljonerIran
78%
69 miljonerThailand
76%
101 miljonerEgypten
76%
269 miljonerIndonesien
74%
82,9 miljonerTurkiet
72%
204 miljonerPakistan
72%
59 miljonerItalien
71%
200 miljonerNigeria
71%
168 miljonerBangladesh
60%
86 miljonerKongo-Kinshasa
54%
97 miljonerVietnam
49%
60 miljonerTanzania
41%
108 miljonerFilippinerna
41%
110 miljonerEtiopien
34%

Score Distribution

Percentile by Number Answered

Percent of People with Each Score

Your Score History

You have not taken this quiz